000 00322nam a2200145Ia 4500
100 _aBell/ D.A
650 _aChemistry
942 _cBK
654 _aFundamentals
245 _aFundamentals Of Electronic Device
260 _bD.B. Tarapore vala
_aBombay
_c1985
082 _a621.3
300 _a467
546 _aENGLISH
999 _c31420
_d31420